| 000 | 00357nam a2200145Ia 4500 | ||
|---|---|---|---|
| 008 | 150201s2014 xx 000 0 und d | ||
| 082 |
_a619 _bL06S |
||
| 100 | _aSINNATAMBY,CHUMY S | ||
| 245 | _aLAST ANATOMY REDIONAL AND APPLIED | ||
| 250 | _a19th | ||
| 260 |
_bJAYPEE BROTHERS _aDELHI _c2014 |
||
| 300 | _a1-576 | ||
| 650 | _aHUMAN ANATOMY | ||
| 942 |
_2ddc _cBK |
||
| 999 |
_c482 _d482 |
||